|
|
|
|
| LEADER |
03354nam a22004935i 4500 |
| 001 |
978-3-642-37317-6 |
| 003 |
DE-He213 |
| 005 |
20151031081053.0 |
| 007 |
cr nn 008mamaa |
| 008 |
130331s2013 gw | s |||| 0|eng d |
| 020 |
|
|
|a 9783642373176
|9 978-3-642-37317-6
|
| 024 |
7 |
|
|a 10.1007/978-3-642-37317-6
|2 doi
|
| 040 |
|
|
|d GrThAP
|
| 050 |
|
4 |
|a Q342
|
| 072 |
|
7 |
|a UYQ
|2 bicssc
|
| 072 |
|
7 |
|a COM004000
|2 bisacsh
|
| 082 |
0 |
4 |
|a 006.3
|2 23
|
| 245 |
1 |
0 |
|a Digital Enterprise Design and Management 2013
|h [electronic resource] :
|b Proceedings of the First International Conference on Digital Enterprise Design and Management DED&M 2013 /
|c edited by Pierre-Jean Benghozi, Daniel Krob, Frantz Rowe.
|
| 264 |
|
1 |
|a Berlin, Heidelberg :
|b Springer Berlin Heidelberg :
|b Imprint: Springer,
|c 2013.
|
| 300 |
|
|
|a XVIII, 183 p. 57 illus.
|b online resource.
|
| 336 |
|
|
|a text
|b txt
|2 rdacontent
|
| 337 |
|
|
|a computer
|b c
|2 rdamedia
|
| 338 |
|
|
|a online resource
|b cr
|2 rdacarrier
|
| 347 |
|
|
|a text file
|b PDF
|2 rda
|
| 490 |
1 |
|
|a Advances in Intelligent Systems and Computing,
|x 2194-5357 ;
|v 205
|
| 505 |
0 |
|
|a From the Contents: Use Case: Business Intelligence "New Generation" for a "Zero Latency" -- Organization (when decisonal & operational BI are fully embedded) -- The Enterprise as the Experiential Design Platform -- From a strategic view to an engineering view in a digital enterprise. The case of a multi-country Telco -- GrammAds: Keyword and Ad Creative Generator for Online Advertising Campaigns -- Interoperable Systems and Software Evolution: Issues and Approaches.
|
| 520 |
|
|
|a This book contains all refereed papers that were accepted to the first edition of the « Digital Enterprise Design & Management » (DED&M 2013) international conference that took place in Paris (France) from February 12 to February 13, 2013. (Website: http://www.dedm2013.dedm.fr/) These proceedings cover the most recent trends in the emerging field of Digital Enterprise, both from an academic and a professional perspective. A special focus is put on digital uses, digital strategies, digital infrastructures and digital governance from an Enterprise Architecture point of view. The DED&M 2013 conference is organized under the guidance of the CESAMES non profit organization (http://www.cesames.net/). and benefits from the support of the "Innovation and Regulation of Digital Services" Chair (Orange, Ecole Polytechnique and Telecom ParisTech) and of the "Complex Systems Engineering" Chair (Dassault Aviation - DCNS - DGA - Thales - Ecole Polytechnique - ENSTA ParisTech – Telecom ParisTech).
|
| 650 |
|
0 |
|a Engineering.
|
| 650 |
|
0 |
|a Computational intelligence.
|
| 650 |
|
0 |
|a Engineering economics.
|
| 650 |
|
0 |
|a Engineering economy.
|
| 650 |
1 |
4 |
|a Engineering.
|
| 650 |
2 |
4 |
|a Computational Intelligence.
|
| 650 |
2 |
4 |
|a Engineering Economics, Organization, Logistics, Marketing.
|
| 700 |
1 |
|
|a Benghozi, Pierre-Jean.
|e editor.
|
| 700 |
1 |
|
|a Krob, Daniel.
|e editor.
|
| 700 |
1 |
|
|a Rowe, Frantz.
|e editor.
|
| 710 |
2 |
|
|a SpringerLink (Online service)
|
| 773 |
0 |
|
|t Springer eBooks
|
| 776 |
0 |
8 |
|i Printed edition:
|z 9783642373169
|
| 830 |
|
0 |
|a Advances in Intelligent Systems and Computing,
|x 2194-5357 ;
|v 205
|
| 856 |
4 |
0 |
|u http://dx.doi.org/10.1007/978-3-642-37317-6
|z Full Text via HEAL-Link
|
| 912 |
|
|
|a ZDB-2-ENG
|
| 950 |
|
|
|a Engineering (Springer-11647)
|